00927nam a2200253 i 450000100060000000300090000600500170001500700030003200800410003502000180007624501500009426000340024430000220027849000230030061000350032365000320035870000300039070000270042070000360044783000310048385200210051499900170053595201210055245361ES-MaACL20240426121501.0t|030325s1982 sp ||||1| spa d a84-306-1209-203aEl Colegio de Sociología (1937-1939) / ctextos de Georges Bataille ... [et al.] ; presentados por Denis Hollier ; versión de Mauro Armiño. a[Madrid] : bTaurus, c[1982] a386 p. ; c21 cm.1 aEnsayistas ; v20924aCollege de Sociologie.917187400aSociología-yS.XX.9172021 aBataille, Georges.9263911 aHollier, Denis.9640350 aArmiño, Mauro, d1944-9229871 aEnsayistas ; v2099177257 aES-MaACLjL-4843 c45361d45361 00104070aATENEOMbATENEOMcDEPO2d2008-01-17eSCl0oL-4843p1047728r2023-02-23 00:00:00w2023-02-23yMONOGRAFIA